| 000 | 00847nam a2200229 i 4500 | ||
|---|---|---|---|
| 001 | 16696 | ||
| 003 | ES-MaACL | ||
| 005 | 20231222063027.0 | ||
| 007 | t| | ||
| 008 | 001025s2000 sp ||||1| spa d | ||
| 020 | _a84-86547-53-9 | ||
| 080 | _a821.134.2 Poema del Cid.06 | ||
| 080 | _a914.60 | ||
| 100 | 1 |
_aGarcía Pérez, Guillermo, _d1942- _955106 |
|
| 245 | 1 | 4 |
_aLas rutas del Cid : _bguía práctica y cultural para recorrer andando, en coche, a caballo o en bicicleta los caminos del "Cantar de Myo Çid" / _cGuillermo García Pérez. |
| 260 |
_aMadrid : _bPolifemo, _c2000. |
||
| 300 |
_a474 p. : _bil. col. y n. ; _c24 cm. |
||
| 630 | 0 | 4 |
_aPoema del Cid- _xTopografía. _9123907 |
| 650 | 4 |
_aRutas literarias- _zEspaña. _9143727 |
|
| 852 |
_aES-MaACL _jL-23887 _z- Dedicatoria autógrafa del autor |
||
| 999 |
_c16696 _d16696 |
||